| 000 | 00761nam a2200217 i 4500 | ||
|---|---|---|---|
| 001 | 129945 | ||
| 003 | ES-MaACL | ||
| 005 | 20230906193618.0 | ||
| 007 | t| | ||
| 008 | 070712s1968 sp ||||1| spa d | ||
| 100 | 1 |
_aZulliger, Hans. _9118457 |
|
| 245 | 1 | 3 |
_aLa angustia de nuestros niños _b: sobre las diferentes formas de angustia infantil, efectos, profilaxis y terapeútica / _cHans Zulliger ; [tradujo José Francisco Rodríguez S. Bodona]. |
| 260 |
_aSalamanca : _bSígueme, _c1968. |
||
| 300 |
_a249 p. ; _c19 cm. |
||
| 490 | 1 |
_aPsyché B ; _v5 |
|
| 650 | 1 | 4 |
_aAnsiedad en niños. _9155168 |
| 700 | 1 |
_aRodríguez S. Borona, José Francisco. _998784 |
|
| 830 | 0 |
_aPsyché B ; _v5 _9186795 |
|
| 852 |
_aES-MaACL _jC-50309 |
||
| 999 |
_c129945 _d129945 |
||